Evolución de la industria manufacturera en 1977 /
Resultados de la encuesta sobre la industria en Costa Rica en 1977. Presenta datos del crecimiento de la industria y del destino de las ventas industriales establece las diferencias en el ritmo de crecimiento de los diferentes rubros o sectores industriales./ALLVINDUSTRIA
Na minha lista:
| Autor principal: | |
|---|---|
| Autor Corporativo: | |
| Outros Autores: | , |
| Formato: | Texto |
| Idioma: | Spanish |
| Publicado em: |
San Pedro de M. de O:
UCR. FCE. Instituto de Investigaciones
|
| Assuntos: | |
| Tags: |
Adicionar Tag
Sem tags, seja o primeiro a adicionar uma tag!
|
MARC
| LEADER | 00000 a a2200000 04500 | ||
|---|---|---|---|
| 001 | 15010 | ||
| 003 | cru CIDCACS/IIS | ||
| 005 | 20231024120637.0 | ||
| 007 | ta | ||
| 008 | 180417b1978 CR ||||| |||| 00| 0 spa d | ||
| 040 | |c cru CIDCACS/IIS | ||
| 090 | |a 08.01.01 I99e | ||
| 100 | |a Izurieta Segura, Carlos A. | ||
| 245 | |a Evolución de la industria manufacturera en 1977 / |c Carlos A. Izurieta Segura | ||
| 260 | |a San Pedro de M. de O: |b UCR. FCE. Instituto de Investigaciones | ||
| 300 | |a 15 páginas | ||
| 520 | |a Resultados de la encuesta sobre la industria en Costa Rica en 1977. Presenta datos del crecimiento de la industria y del destino de las ventas industriales establece las diferencias en el ritmo de crecimiento de los diferentes rubros o sectores industriales./ALLVINDUSTRIA | ||
| 650 | |a ENCUESTAS ECONOMICAS | ||
| 650 | |a INDUSTRIA | ||
| 650 | 0 | |a INDUSTRIA ALIMENTARIA |9 4407 | |
| 650 | 1 | 0 | |a INDUSTRIA TEXTIL |9 1609 |
| 650 | 1 | 0 | |a INDUSTRIA QUÍMICA |9 3024 |
| 700 | |a Cubero F, Zoila Rosa | ||
| 700 | |a Bonilla Palacios, Mario E. | ||
| 710 | 1 | |9 3824 |a Universidad de Costa Rica. Facultad de Ciencias Económicas. Instituto de Investigaciones en Ciencias Económicas | |
| 942 | |2 z |c LI |h 08.01.01 I99e |i 06595 |6 080101_I99E_06595 | ||
| 999 | |c 14492 |d 14492 | ||
